Ekonomicko-manažérske spektrum vedecký časopis Fakulty prevádzky a ekonomiky dopravy spojov Žilinskej univerzity v Žiline

Guardado en:
Detalles Bibliográficos
Formato: Seriadas
Lenguaje:eslovaco
inglés
Publicado: Žilina Fakulta prevádzky a ekonomiky dopravy a spojov Žilinskej univerzity
Materias:
Etiquetas: Agregar Etiqueta
Sin Etiquetas, Sea el primero en etiquetar este registro!

MARC

LEADER 00000nas1a2200000$$$4500
001 0070438
005 20240129081859.2
022 |a 1337-0839 
022 |a 2585-7258 
041 0 |a slo 
041 0 |a eng 
044 |a SK 
245 1 0 |a Ekonomicko-manažérske spektrum  |b vedecký časopis Fakulty prevádzky a ekonomiky dopravy spojov Žilinskej univerzity v Žiline 
264 1 |a Žilina  |b Fakulta prevádzky a ekonomiky dopravy a spojov Žilinskej univerzity 
610 2 0 |a veda ekonomická 
610 2 0 |a riadenie podnikové 
610 2 0 |a kontroling 
610 2 0 |a spoje